|
|
|
|
| LEADER |
00000cam a2200000 a 4500 |
| 001 |
vtls001102093 |
| 003 |
SK-MaSNL |
| 005 |
20260301233145.0 |
| 008 |
250313s1981 xo a e n 000 0 slo |
| 015 |
|
|
|a SNBA1981
|
| 035 |
|
|
|a SNK000044935
|
| 035 |
|
|
|a urn:nbn:sk:snk-aml54f
|
| 035 |
|
|
|a urn:nbn:sk:snk-am008w0u
|
| 035 |
|
|
|a 3D208B2C-AFC1-4E60-B4C4-91DF570CFA84
|
| 040 |
|
|
|a SNK
|b slo
|c SNK
|e AACR2
|
| 041 |
0 |
|
|a slo
|
| 044 |
|
|
|a xo
|c SK
|
| 080 |
|
|
|a 330.322.5(437)(075.8)
|2 1981
|
| 100 |
1 |
|
|a Čapo, Ondrej,
|d 1929-
|4 aut
|9 7637
|
| 245 |
1 |
0 |
|a Efektívnosť výrobných investícií
|c Ondrej Čapo
|
| 250 |
|
|
|a 2. vyd.
|
| 260 |
|
|
|a Bratislava
|b Vysoká škola ekonomická
|c 1981
|
| 300 |
|
|
|a 209 s.
|b sch., tab.
|c 29 cm
|
| 366 |
|
|
|e 200 výt.
|
| 490 |
1 |
|
|a Vysokoškolské skriptá
|
| 504 |
|
|
|a Bibliogr. odkazy
|
| 650 |
0 |
7 |
|a výrobné investície
|2 SNKPH
|9 627510
|
| 655 |
|
7 |
|a učebnice vysokých škôl
|2 SNKPH
|9 70191
|
| 810 |
2 |
|
|a Vysoká škola ekonomická v Bratislave
|t Vysokoškolské skriptá
|9 222320
|
| 830 |
|
0 |
|a Vysokoškolské skriptá
|9 276440
|
| 852 |
|
|
|a Slovenská národná knižnica
|
| 958 |
|
|
|a OND
|
| 958 |
|
|
|a RM
|
| 958 |
|
|
|a UV
|
| 958 |
|
|
|a NB
|
| 999 |
|
|
|c 964828
|d 966758
|
| 952 |
|
|
|a SNK
|b SNK
|y PREZ
|7 0
|p 17A1001093
|o snkSB 31790
|i snkKSP 4235/81
|0 0
|1 0
|4 0
|d 2012-07-25
|f 1
|l 0
|r 2025-04-04 00:00:00
|w 2026-02-24
|
| 952 |
|
|
|t P60, <04>, [BOOK], {604}
|a SNK
|b SNK
|y VYP
|7 0
|p 17A0452664
|o snkSB 31790 D1
|i snkKSP 4236/81
|0 0
|1 0
|4 0
|d 2004-11-26
|l 0
|r 2004-12-31 00:00:00
|w 2026-02-24
|